000 02960cam a2200673 i 4500
001 xx004981764
003 NUKAT
005 20260430130928.0
008 201027s2020 pl a |101 0 pol c
020 _a9788380989917
_q(oprawa twarda) :
_czł 60,00
035 _a(OCoLC)1204360525
035 _a(NUKAT)xx004981764
040 _aŁ U/eg
_bpol
_erda
_cŁ U/eg
_dŁ U/eg
_dGD U/MJs
_dPOZN U/KaKs
_dWA 14/ABs
_dOLSZT 008/bak
041 1 _apol
_heng
045 2 _bd1945
_bd1990
046 _k2020
099 _aja2020010796
245 0 0 _aŚrodowisko studenckie w krajach bloku sowieckiego 1945-1990 /
_cpod redakcją Kamila Dworaczka i Krzysztofa Łagojdy ; tłumaczenia Karol Waniek.
250 _aWydanie I.
260 _aWarszawa ;
_aWrocław :
_bInstytut Pamięci Narodowej - Komisja Ścigania Zbrodni przeciwko Narodowi Polskiemu. Oddział we Wrocławiu,
_c2020.
300 _a662 strony :
_bilustracje ;
_c25 cm.
336 _aTekst
_btxt
_2rdacontent
337 _aBez urządzenia pośredniczącego
_bn
_2rdamedia
338 _aWolumin
_bnc
_2rdacarrier
380 _aKsiążki
380 _aPublikacje naukowe
388 1 _a2001-
500 _aMateriały z konferencji naukowej: Środowisko studenckie w krajach bloku sowieckiego 1945-1989, 29 listopada - 1 grudnia 2016 r., Wrocław.
504 _aIndeks.
546 _aCzęść referatów w przekładzie z języka angielskiego.
648 7 _a1901-2000
_2DBN
_934996
648 7 _a1945-1989
_2DBN
_936043
648 7 _a1989-2000
_2DBN
_936156
650 7 _aDziałacze studenccy
_2DBN
_941024
650 7 _aKultura studencka
_2DBN
_941025
650 7 _aOpozycja polityczna nielegalna
_2DBN
_936914
650 7 _aOrganizacje studenckie
_2DBN
_941026
650 7 _aPartycypacja polityczna
_2DBN
_941027
650 7 _aPartycypacja społeczna
_2DBN
_941028
650 7 _aRuchy społeczne
_2DBN
_936915
650 7 _aStrajki studenckie
_2DBN
_941029
650 7 _aStudentki i studenci
_2DBN
_936905
650 7 _aStudenci
_xpostawy
_zKraje socjalistyczne
_vkonferencje.
_2kaba
_941030
650 7 _aStudenci
_xdziałalność polityczna
_zKraje socjalistyczne
_vkonferencje.
_2kaba
_941031
650 7 _aStudenci
_xtowarzystwa
_zKraje socjalistyczne
_vkonferencje.
_2kaba
_941032
651 7 _aEuropa Środkowo-Wschodnia
_2DBN
_935065
651 7 _aKraje socjalistyczne
_2DBN
_939753
651 7 _aPolska
_2DBN
_935076
655 7 _aMateriały konferencyjne
_2DBN
_936310
655 7 _aPraca zbiorowa
_2DBN
_935107
658 _aHistoria
658 _aPolityka, politologia, administracja publiczna
700 1 _aDworaczek, Kamil
_d(1985- ).
_eRedakcja
_919225
700 1 _aŁagojda, Krzysztof
_d(1990- ).
_eRedakcja
_941022
700 1 _aWaniek, Karol.
_eTłumaczenie
_941023
710 2 _aInstytut Pamięci Narodowej - Komisja Ścigania Zbrodni przeciwko Narodowi Polskiemu.
_bOddział (Wrocław).
_eWydawca
_4pbl
_914065
920 _a978-83-8098-991-7 (oprawa twarda) : zł 60,00
942 _2ddc
_cBK_NM
999 _c27902
_d27902